| 000 | 01095nam a2200349 a 4500 | ||
|---|---|---|---|
| 003 | AR-BaBNM | ||
| 005 | 20251128203957.0 | ||
| 008 | 082120s2002 ||||||||||||||000 | spa|| | ||
| 020 | _a84-7509-035-4 | ||
| 040 | _cAR-BaBNM | ||
| 100 | 1 | _aGega, Peter C. | |
| 245 | 0 | 0 | _aLa enseñanza de las ciencias físicas en la escuela primaria |
| 260 |
_aBuenos Aires _bPaidós _c1980 |
||
| 300 |
_a289 p. _bil. |
||
| 490 | 0 |
_aBiblioteca del educador contemporáneo. Didáctica fundamental _vv. 7 |
|
| 500 | _aContiene índice general de los contenidos | ||
| 500 | _aCatálogo de obras conexas del fondo editorial | ||
| 650 | 4 | _aFISICA | |
| 650 | 4 | _aENSEÑANZA DE LA CIENCIA | |
| 650 | 4 | _aENSEÑANZA DE LA QUIMICA | |
| 650 | 4 | _aMATERIAL DIDACTICO | |
| 650 | 4 | _aACTIVIDADES DE APRENDIZAJE | |
| 650 | 4 | _aTRABAJOS PRACTICOS | |
| 650 | 4 | _aDIDACTICA | |
| 650 | 4 | _aMETODOS DE ENSEÑANZA | |
| 650 | 4 | _aCIENCIAS [NIVEL PRIMARIO] | |
| 650 | 4 | _aPROPIEDADES FISICAS | |
| 800 | 1 |
_aL. de Romero Brest, Gilda _edirector |
|
| 800 | 1 |
_aBernstein, Jaime _edirector |
|
| 942 | _cBK | ||
| 998 | _cisola | ||
| 999 |
_c5682 _d5682 |
||